000 00602nam a2200181 i 4500
001 81355
003 ES-MaACL
005 20230906174424.0
007 t|
008 041104s1926 fr ||||1| fre d
100 1 _aHugel, Raymond.
_964602
245 1 3 _aLe système veineux normal et pathologique /
_cRaymond Hugel, Gabriel Auguste Delater.
260 _aParis :
_bOctave Doin,
_c1926 (
_eLimoges :
_fGuillemont et de Lamothe)
300 _aVII, 182 p., 2 lám. :
_bil. ;
_c18 cm.
650 4 _aVasos sanguíneos.
_9159343
700 1 _aDelater, Gabriel Auguste.
_943327
852 _aES-MaACL
_jB-12625
999 _c81355
_d81355